Những bài toán chọn lọc cho trường chuyên lớp chọn : dùng cho các lớp phổ thông cơ sở
Tập 1 quyển sách này trình bày các vấn đề của toán số học và đại xoay quanh các chủ đề phương trình, đẳng thức, căn thức, bất đẳng thức, hàm số,...
Zapisane w:
| 1. autor: | |
|---|---|
| Format: | Książka |
| Język: | Undetermined |
| Wydane: |
Hà Nội
Giáo dục
1996
|
| Hasła przedmiotowe: | |
| Etykiety: |
Dodaj etykietę
Nie ma etykietki, Dołącz pierwszą etykiete!
|
| Thư viện lưu trữ: | Trung tâm Học liệu Trường Đại học Cần Thơ |
|---|
| LEADER | 00935nam a2200217Ia 4500 | ||
|---|---|---|---|
| 001 | CTU_28616 | ||
| 008 | 210402s9999 xx 000 0 und d | ||
| 082 | |a 512.076 | ||
| 082 | |b Th103/T.1 | ||
| 100 | |a Đỗ, Đức Thái | ||
| 245 | 0 | |a Những bài toán chọn lọc cho trường chuyên lớp chọn : | |
| 245 | 0 | |b dùng cho các lớp phổ thông cơ sở | |
| 245 | 0 | |c Đỗ Đức Thái | |
| 260 | |a Hà Nội | ||
| 260 | |b Giáo dục | ||
| 260 | |c 1996 | ||
| 520 | |a Tập 1 quyển sách này trình bày các vấn đề của toán số học và đại xoay quanh các chủ đề phương trình, đẳng thức, căn thức, bất đẳng thức, hàm số,... | ||
| 650 | |a Mathematics,Algebra, number theory | ||
| 650 | |x Study and teaching ( secondary ) | ||
| 904 | |i Năm | ||
| 980 | |a Trung tâm Học liệu Trường Đại học Cần Thơ | ||